[Event "AUT-chT3 9798"]
[Site "Vorarlberg "]
[Date "1998.02.13"]
[Round "8"]
[White "Reichart, Markus"]
[Black "Schenkenfelder, Roland"]
[Result "1-0"]
[WhiteElo "1790"]
[BlackElo "1847"]
[PlyCount "45"]
[EventDate "1997.??.??"]
[EventType "team-tourn"]
[EventRounds "9"]
[EventCountry "AUT"]
[SourceTitle "EXT 1999"]
[Source "ChessBase"]
[SourceDate "1998.11.16"]
[SourceVersion "1"]
[SourceVersionDate "1998.11.16"]
[SourceQuality "1"]

1. d4 d5 2. c4 c6 3. Nc3 Nf6 4. Nf3 e6 5. Bg5 Be7 6. e3 Nbd7 7. Rc1 h6 8. Bxf6 Nxf6 9. Bd3 0-0 10. 0-0 dxc4 11. Bxc4 b5 12. Bd3 Bb7 13. Ne4 Nxe4 14. Bxe4 Rc8 15. Ne5 Qd6 16. Qf3 Rc7 17. Rc5 Bf6 18. Ng4 Be7 19. Nxh6+ gxh6 20. Qg4+ Kh8 21. Rh5 e5 22. dxe5 Qe6 23. Bf5 1-0

[Event "AUT-chT 9697"]
[Site "Vorarlberg"]
[Date "1996.??.??"]
[Round "?"]
[White "Drexel, Christof"]
[Black "Reichart, Markus"]
[Result "1/2-1/2"]
[WhiteElo "2015"]
[BlackElo "1780"]
[PlyCount "43"]
[EventDate "1996.??.??"]
[EventType "team"]
[EventRounds "9"]
[EventCountry "AUT"]
[SourceTitle "EXT 1999"]
[Source "ChessBase"]
[SourceDate "1998.11.16"]
[SourceVersion "1"]
[SourceVersionDate "1998.11.16"]
[SourceQuality "1"]

1. e4 e5 2. Nf3 d6 3. d4 Nf6 4. Nc3 Nbd7 5. dxe5 dxe5 6. a3 h6 7. Bc4 c6 8. 0-0 Be7 9. Qe2 0-0 10. Rd1 Qc7 11. Nh4 Nc5 12. Ng6 Rd8 13. Nxe7+ Qxe7 14. Rxd8+ Qxd8 15. Be3 Ncxe4 16. Nxe4 Nxe4 17. Bxa7 Nd6 18. Be3 Nxc4 19. Qxc4 Be6 20. Qb4 b5 21. Qc5 Qd5 22. Qxd5 1/2-1/2

[Event "AUT-chT 9697"]
[Site "Vorarlberg"]
[Date "1996.??.??"]
[Round "?"]
[White "Lampert, Raimund"]
[Black "Reichart, Markus"]
[Result "1/2-1/2"]
[WhiteElo "1775"]
[BlackElo "1780"]
[PlyCount "53"]
[EventDate "1996.??.??"]
[EventType "team"]
[EventRounds "9"]
[EventCountry "AUT"]
[SourceTitle "EXT 1999"]
[Source "ChessBase"]
[SourceDate "1998.11.16"]
[SourceVersion "1"]
[SourceVersionDate "1998.11.16"]
[SourceQuality "1"]

1. e4 Nf6 2. Nc3 d5 3. e5 d4 4. exf6 dxc3 5. bxc3 exf6 6. d4 Be6 7. Nf3 Be7 8. Bd3 0-0 9. 0-0 c6 10. a4 a6 11. c4 Qc7 12. c3 Rd8 13. Qc2 g6 14. Be3 Nd7 15. a5 Qc8 16. Rfb1 Rb8 17. Bf4 Ra8 18. Rb2 Nf8 19. Rab1 Rd7 20. Rb3 Bd8 21. Qa2 g5 22. Bc1 Rb8 23. Ba3 Be7 24. Bxe7 Rxe7 25. Qd2 Qc7 26. Ra3 Rbe8 27. Rab3 1/2-1/2

[Event "AUT-chT 9596"]
[Site "Vorarlberg"]
[Date "1995.??.??"]
[Round "4"]
[White "Reichart, Markus"]
[Black "Dorner, Guenther"]
[Result "0-1"]
[WhiteElo "1765"]
[BlackElo "1990"]
[PlyCount "44"]
[EventDate "1995.??.??"]
[EventType "team"]
[EventRounds "9"]
[EventCountry "AUT"]
[SourceTitle "EXT 1999"]
[Source "ChessBase"]
[SourceDate "1998.11.16"]
[SourceVersion "1"]
[SourceVersionDate "1998.11.16"]
[SourceQuality "1"]

1. d4 d6 2. Nf3 Nf6 3. h3 c6 4. Nc3 Nbd7 5. e4 e5 6. dxe5 dxe5 7. Be3 Be7 8. Bd3 b5 9. a3 a6 10. 0-0 0-0 11. Ne2 c5 12. Ng3 c4 13. Be2 Qc7 14. Nf5 Bc5 15. Bxc5 Nxc5 16. Qd6 Qxd6 17. Nxd6 Nfxe4 18. Nxe4 Nxe4 19. a4 Bb7 20. axb5 axb5 21. b3 Nc3 22. Rxa8 Nxe2+ 0-1

[Event "AUT-chT2W 9495"]
[Site "Austria"]
[Date "1995.??.??"]
[Round "?.3"]
[White "Reichart, Markus"]
[Black "Schmidlechner, Alexander"]
[Result "0-1"]
[WhiteElo "1790"]
[BlackElo "1975"]
[PlyCount "66"]
[EventDate "1994.??.??"]
[EventType "team"]
[EventRounds "9"]
[EventCountry "AUT"]
[SourceTitle "EXT 1999"]
[Source "ChessBase"]
[SourceDate "1998.11.16"]
[SourceVersion "1"]
[SourceVersionDate "1998.11.16"]
[SourceQuality "1"]

1. d4 d5 2. c4 c6 3. Nc3 Nf6 4. Nf3 e6 5. Bg5 h6 6. Bh4 dxc4 7. e4 g5 8. Bg3 Bb4 9. Qc2 b5 10. Rd1 Bb7 11. Be2 Nbd7 12. Nd2 Qb6 13. 0-0 0-0-0 14. e5 Nd5 15. Nde4 Be7 16. Qd2 c5 17. a4 a6 18. axb5 axb5 19. b3 cxd4 20. Nxb5 Nc5 21. Ned6+ Bxd6 22. Nxd6+ Rxd6 23. exd6 Nxb3 24. Qc2 Nc3 25. Bxc4 Qc6 26. d7+ Kxd7 27. f3 Qxc4 28. Kh1 Bd5 29. Rd3 Nb5 30. Qd1 Ra8 31. Qe2 Nc5 32. Rd2 Qxe2 33. Rxe2 Bc4 0-1

[Event "AUT-chT2W 9495"]
[Site "Austria"]
[Date "1994.??.??"]
[Round "?.3"]
[White "Greissing, Mario"]
[Black "Reichart, Markus"]
[Result "1/2-1/2"]
[WhiteElo "1765"]
[BlackElo "1800"]
[PlyCount "53"]
[EventDate "1994.??.??"]
[EventType "team"]
[EventRounds "9"]
[EventCountry "AUT"]
[SourceTitle "EXT 1999"]
[Source "ChessBase"]
[SourceDate "1998.11.16"]
[SourceVersion "1"]
[SourceVersionDate "1998.11.16"]
[SourceQuality "1"]

1. d4 Nf6 2. c4 g6 3. Nc3 Bg7 4. e4 d6 5. f4 0-0 6. Nf3 c5 7. Be2 cxd4 8. Nxd4 Nc6 9. Nxc6 bxc6 10. Be3 Qa5 11. 0-0 Nd7 12. Rb1 Rb8 13. Na4 Nb6 14. Nxb6 axb6 15. a3 f5 16. Bd3 b5 17. cxb5 fxe4 18. Be2 cxb5 19. Qd5+ Kh8 20. Bd4 Bxd4+ 21. Qxd4+ Kg8 22. Qd5+ Kg7 23. Qd4+ Rf6 24. Rbc1 b4 25. Qxe4 Qa7+ 26. Kh1 Re6 27. Qc4 1/2-1/2

[Event "AUT-chT2W 9495"]
[Site "Austria"]
[Date "1994.??.??"]
[Round "?.3"]
[White "Reichart, Markus"]
[Black "Ulmer, J."]
[Result "1-0"]
[WhiteElo "1800"]
[BlackElo "1815"]
[PlyCount "117"]
[EventDate "1994.??.??"]
[EventType "team"]
[EventRounds "9"]
[EventCountry "AUT"]
[SourceTitle "EXT 1999"]
[Source "ChessBase"]
[SourceDate "1998.11.16"]
[SourceVersion "1"]
[SourceVersionDate "1998.11.16"]
[SourceQuality "1"]

1. d4 c6 2. c4 d5 3. cxd5 cxd5 4. Nc3 Bf5 5. Qb3 Qd7 6. Nf3 e6 7. Bf4 Nc6 8. e3 a6 9. Qa4 Bd6 10. Bxd6 Qxd6 11. Ne5 Qb4 12. Bb5 Qxa4 13. Bxa4 Nge7 14. Nxc6 Nxc6 15. Bxc6+ bxc6 16. Na4 Ke7 17. Rc1 Kd6 18. Kd2 Ra7 19. Rc5 e5 20. dxe5+ Kxe5 21. Rhc1 Rb8 22. f4+ Kf6 23. Rxc6+ Be6 24. b3 g5 25. g3 gxf4 26. exf4 h5 27. Nc5 a5 28. Re1 Re8 29. Re5 h4 30. g4 Rae7 31. Rxd5 Kg7 32. Nxe6+ fxe6 33. Rxa5 Rd8+ 34. Ke3 Red7 35. Rc3 Rd1 36. Rc2 R1d3+ 37. Ke2 Rh3 38. Ke1 Rd4 39. Ra4 Rdd3 40. Re4 Kf6 41. Rce2 Rd6 42. R4e3 Rd3 43. Rxe6+ Kf7 44. Re7+ Kf8 45. R7e4 Kf7 46. b4 Rc3 47. Kf1 Rhf3+ 48. Rf2 Rfd3 49. b5 h3 50. Re1 Rd5 51. Rb1 Rd7 52. b6 Rb7 53. g5 Ke6 54. f5+ Ke7 55. Re2+ Kf7 56. f6 Kg6 57. Re7 Rb8 58. Rg7+ Kf5 59. f7 1-0